Sağlıklı bir demokrasi için (Record no. 9307)

MARC details
000 -BAŞLIK
Sabit Uzunlukta Kontrol Alanı 01116na a2200301 4500
001 - KONTROL NUMARASI
Denetim Alanı 20442
003 - KONTROL NUMARASI IDENTIFIER
Denetim Alanı MIRAKIL
005 - SON İŞLEM TARİHİ VE ZAMANI
Denetim Alanı 20181213155242.0
008 - SABİT-BOY VERİ ELEMANLARI - GENEL BİLGİLER
Sabit Uzunlukta Kontrol Alanı 170120b tu 000 0
035 ## - SİSTEM KONTROL NUMARASI
Sistem Kontrol Numarası 20442
040 ## - KATALOGLAMA KAYNAK
Orijinal Kataloglama Ajansı Milas
Kataloglama Dili tur
Metne Dönüştürmek Ajansı TR-AnCHP
041 ## - DİL KODU
Metin / Ses Parça Veya Ayrı Başlığın Dil Kodu tur
082 ## - DEWEY ONLU SINIFLANDIRMA NUMARASI
Sınıflandırma Numarası 321.8
Ürün Numarası S23 1983
090 ## - SINIFLAMA NUMARASI
Sınıflama Numarası 321.8 S23 1983
245 ## - BAŞLIK TABLOSU
Başlık Sağlıklı bir demokrasi için
Başlığın Kalan işçi haklarını koruma çalışması
Sorumluluk Tablosu, Vb Türk-İş
246 ## - UNVAN FORM VARYING
Başlık Doğru / Kısa Başlığı İşçi haklarını koruma çalışması
260 ## - YAYIN, DAĞITIM, VB
Yayın, Dağıtım, Vb Yeri Ankara
Yayıncı, Dağıtıcı, Vs Adı Türk-İş
Yayın, Dağıtım, Vb Tarihi 1983
300 ## - FİZİKSEL TANIM
Kapsam 220 s.
Boyutlar 24 sm.
490 ## - SERİSİ TABLOSU
Seri Beyanı Türk-İş Çalışma Raporu
Hacim / Ardışık Tanımı 2
500 ## - GENEL NOT
Genel Not Onüçüncü Genel Kurul 21-25 Aralık 1983 Ankara
610 ## - KONU KATMA GİRİŞ - TOPLANTI ADI
Giriş Elemanı Olarak Kurumsal Ad Veya Yargı Alanı Adı Türkiye İşçi Sendikaları Konfederasyonu
Genel Alt Bölüm İşçi hakları
Kronolojik Alt Bölüm Çalışma raporları
610 ## - KONU KATMA GİRİŞ - TOPLANTI ADI
Giriş Elemanı Olarak Kurumsal Ad Veya Yargı Alanı Adı Türkiye İşçi Sendikaları Konfederasyonu
Genel Alt Bölüm Çalışma raporları
Kronolojik Alt Bölüm Demokrasi
650 ## - KONU KATMA GİRİŞ - TOPİKAL DÖNEM
Topikal Süreli Veya Coğrafi Ad Giriş Elemanı İşçi sendikaları
Genel Alt Bölümü İşçi hakları
Kronolojik Alt Bölümü Demokrasi
650 ## - KONU KATMA GİRİŞ - TOPİKAL DÖNEM
Topikal Süreli Veya Coğrafi Ad Giriş Elemanı Demokrasi
Genel Alt Bölümü Öneriler
710 ## - KATMA GİRİŞ - KURUMSAL ADI
Giriş Elemanı Olarak Kurumsal Ad Veya Yargı Alanı Adı Türkiye İşçi Sendikaları Konfederasyonu (Türk-İş)
740 ## - KATMA GİRİŞ - KONTROLSUZ İLGİLİ / ANALİTİK BAŞLIK
Kontrol Edilmeyen / İlgili Analitik Başlıktaki İşçi haklarını koruma çalışması
942 ## - EKLENDİ GİRİŞ ELEMANLARI (KOHA)
Sınıflandırma Veya Raf Düzeni Kaynak Dewey Decimal Classification
Koha Öğesi Türü Books
999 ## - SİSTEM KONTROL NUMARALARI (KOHA)
Koha Biblionumber 9307
Koha Biblioitemnumber 9307
Holdings
Kalıcı Konum Mevcut Konum Edinme Tarihi Edinim Kaynak Toplam Check-Out'Lar Tam Çağrı Numarası Barkod Tarih Son Görülme İtibaren Geçerli Fiyatlar Koha Öğesi Türü
CHP Kütüphanesi CHP Kütüphanesi 01/20/2017 Bağış   321.8 S23 1983 012561 01/20/2017 01/20/2017 Books